| 000 | 00558nam a2200181Ia 4500 | ||
|---|---|---|---|
| 005 | 20260429112313.0 | ||
| 008 | 260429s9999||||xx |||||||||||||| ||und|| | ||
| 020 | _a9789388583732 | ||
| 041 | _aHindi | ||
| 082 |
_a891.433 _bSIN |
||
| 100 | _a सिंह, अजीत कुमार | ||
| 245 | 0 |
_aअंगद की आत्मकथा / _cअजीत कुमार सिंह |
|
| 250 | _a0 | ||
| 260 |
_aनई दिल्ली : _bसाहित्यभूमि, _c2024. |
||
| 300 | _a291 p.; Hb | ||
| 650 | _aStories | ||
| 942 | _cTB | ||
| 999 |
_c53392 _d53392 |
||